000 01953cam a22004217i 4500
001 21323188
003 EG-ScBUE
005 20250217103905.0
008 191206s2018 vraae f 001 0 eng d
020 _a9781864707649
020 _a186470764X
035 _a(OCoLC)on1050953859
040 _aBON
_beng
_erda
_cBON
_dYDX
_dOCLCF
_dERASA
_dZYU
_dDLC
_dEG-ScBUE
082 0 4 _a725.21
_222
_bSTY
245 0 0 _aStylish retail store interiors /
_cedited by Brendan MacFarlane.
246 3 0 _aStylish
264 1 _aMulgrave, Victoria, Australia :
_bImages Publishing,
_c2018.
300 _a239 pages :
_billustrations (chiefly color), plans ;
_c31 cm
336 _atext
_btxt
_2rdacontent
336 _astill image
_bsti
_2rdacontent
337 _aunmediated
_bn
_2rdamedia
338 _avolume
_bnc
_2rdacarrier
500 _aIncludes index.
520 _aWith customers demanding an increasingly personalised experience, stores must project a distinctive visual style to stand out among the many uniform products and services out there. "Stylish Retail Store Interiors" analyses a variety of case studies to outline the latest trends in retail design, from organising store layout to designing enticing product displays, providing both a useful reference for professionals and a source of inspiration for students. --
_cSource other than Library of Congress.
650 7 _aStores, Retail
_vDesigns and plans.
_2BUEsh
650 7 _aStores, Retail
_xDesign.
_2BUEsh
650 7 _aStore decoration
_vPictorial works.
_2BUEsh
650 7 _aInterior decoration
_vPictorial works.
_2BUEsh
650 7 _aInterior architecture
_vPictorial works.
_2BUEsh
650 7 _aBranding (Marketing)
_2BUEsh
650 7 _aCorporate image
_xDesign.
_2BUEsh
653 _cFebruary2025
_bART
655 _vReading book
700 1 _aMacFarlane, Brendan,
_d1961-
_eeditor.
906 _a7
_bcbc
_ccopycat
_d3
_encip
_f20
_gy-gencatlg
942 _2ddc
_cBB
999 _c30901
_d30872